| 000 | 00752nam a22002177a 4500 | ||
|---|---|---|---|
| 999 |
_c5548 _d5548 |
||
| 003 | DO-SdBJH | ||
| 005 | 20190806124342.0 | ||
| 008 | 190806b ||||| |||| 00| 0 spa d | ||
| 020 | _a 9789945613018 | ||
| 040 |
_aDO-SdBJH _bspa _cDO-SdBJH |
||
| 082 |
_aRD 863.44 _bV443a 2018 |
||
| 100 | _a Veloz Maggiolo, Marcio | ||
| 245 |
_aDe abril en adelante : _b protonovela / _cMarcio Veloz Maggiolo |
||
| 250 | _a 2 da. | ||
| 260 |
_aSanto Domingo, República Dominicana : _b Archivo General de la Nación, _c2018 |
||
| 300 |
_a310 páginas _b15 x 23 cm |
||
| 490 |
_aArchivo General de la Nacion _vvol. 346 |
||
| 500 | _a Incluye índice | ||
| 651 |
_aRepública Dominicana _v Ocupación norteamericana, 1965-1966 _v Novela _xHistoria _z |
||
| 942 |
_2ddc _cBK |
||